| 000 | 00913nam a2200229 u 4500 | ||
|---|---|---|---|
| 001 | 000763930 | ||
| 003 | AM-YeHGA | ||
| 005 | 20250617143746.0 | ||
| 008 | 101008s1973 ru |||||r|||||000|0|rus|d | ||
| 040 | _aAM-YeHGA | ||
| 041 | 0 | _arus | |
| 245 | 0 | 0 |
_aФизиологические механизмы памяти / _cПод ред. Е.А. Громовой ; Институт биологической физики АН СССР. |
| 260 |
_aПущино-на-Оке : _b[Б. и.], _c1973. |
||
| 300 |
_a190 с. : _bил. ; _c21 см. |
||
| 504 | _aБиблиогр. в конце ст. | ||
| 650 | 1 | 4 | _aНейрофизиология |
| 650 | 1 | 4 | _aФизиологические процессы |
| 650 | 1 | 4 | _aПамять |
| 700 | 1 |
_aГромова, Елена Анатольевна _eред. _4edt |
|
| 710 | 2 | _aИнститут биологической физики АН СССР | |
| 090 | _c282712 | ||
| 999 |
_c281056 _d281056 |
||